00581nam a2200157 a 450000100100000000500170001000800410002704000250006808200150009310000340010824500790014226000510022130000210027295201130029399900170040600002722620200930030702.0110330s1970 dr 000 0 spa d aDO-SdBNPbspacBNPHU axxxbR789a1 aRosario Ramos, Tomás92635310aAbelardo M. Díaz Morales :bprofeta y escritor /cTomás Rosario Ramos. aSanto Domingo :bLibrería dominicana,c1970. a231 p. ;c22 cm. 0010718PDaPDbPDcCTd2011-03-30iLF1l0oxxx R789ap27226-10r2020-06-25w2020-06-25yLFPDZNo se presta c26718d26718